En la estrategia está el éxito guía para formular estrategias revolucionarias (Registro nro. 65892)

Detalles MARC
000 -ENCABEZADO
Número de control [NR] 01007nam a2200265Ia 4500
008 - DE LONGITUD FIJA DE DATOS DE ELEMENTOS - INFORMACIÓN GENERAL
Elementos de longitud fija [NR] 130821s2000 ck a gr spa
020 ## - NUMERO INTERNACIONAL NORMALIZADO PARA LIBROS [R]
Número Internacional Normalizado del libro [NR] 9580467226
040 ## - FUENTE DE CATALOGACION [NR]
Agencia de catalogación original [NR] Co-BoUCM
Idioma de catalogación [NR] spa
041 00 - CODIGO DE IDIOMA [R]
Código de idioma para texto/pista de sonido o título separado [R] Español
100 10 - ASIENTO PRINCIPAL--NOMBRE PERSONAL [NR]
Nombre personal [NR] Markides, Constantinos C.
ID Autoridad 161238
245 10 - MENCION DE TITULO [NR]
Título [NR] En la estrategia está el éxito guía para formular estrategias revolucionarias
Mención de responsabilidad, etc. [NR] Constantinos C. Markides ; traducción : Jorge Cárdenas Nannetti
260 ## - PUBLICACION, DISTRIBUCION, ETC. (PIE DE IMPRENTA) [R]
Lugar de publicación, distribución, etc. [R] Bogotá (Colombia)
Nombre del editor, distribuidor, etc. [R] Norma
Fecha de publicación, distribución, etc. [R] 2000
300 ## - DESCRIPCION FISICA [R]
Extensión [R] 257 páginas
Otros detalles físicos [NR] ilustraciones, cuadros, gráficas
490 #0 - MENCION DE SERIE [R]
Mención de serie [R] Gerencia
500 ## - NOTA GENERAL [R]
Nota general [NR] Donación Dr. Guillermo Galán
504 ## - NOTA DE BIBLIOGRAFIA, ETC. [R]
Nota de bibliografía, etc. [NR]
650 04 - ASIENTO SECUNDARIO DE MATERIA - TERMINO TEMATICO [R]
Término temático o nombre geográfico como elemento de entrada [NR] Administración de empresas
9 (RLIN) 435
650 04 - ASIENTO SECUNDARIO DE MATERIA - TERMINO TEMATICO [R]
Término temático o nombre geográfico como elemento de entrada [NR] Cambio organizacional
9 (RLIN) 7360
650 04 - ASIENTO SECUNDARIO DE MATERIA - TERMINO TEMATICO [R]
Término temático o nombre geográfico como elemento de entrada [NR] Éxito en los negocios
9 (RLIN) 15417
650 04 - ASIENTO SECUNDARIO DE MATERIA - TERMINO TEMATICO [R]
Término temático o nombre geográfico como elemento de entrada [NR] Planificación estratégica
9 (RLIN) 21662
700 1# - ASIENTO SECUNDARIO - NOMBRE PERSONAL [R]
Nombre personal [NR] Cárdenas Nannetti, Jorge
Fechas asociadas con el nombre [NR] 1906-
9 (RLIN) 90606
765 ## - ASIENTO DE IDIOMA ORIGINAL [R]
Título [NR] All the right moves
942 ## - ELEMENTOS DE ENTRADA AGREGADOS (KOHA)
Tipo de ítem principal el descrito en 300a Libro
Tema principal Administración
Edición 1
Parte restante de la signatura top. M345
Sistema de clasificación DEWEY
Clasificación 658.4012
Existencias
Fecha de último préstamo Total préstamos Signatura topográfica Código de barras Última vez visto Ejemplar Price effective from Tipo de ítem Perdido Sistema de clasificación Dañado No prestable Tipo de ítem específico Suprimido Ubicación habitual Ubicación actual Localización Fecha de creación Forma de adquisición Costo
14/02/2018 2 658.4012 M345 100104813 04/12/2025 Ej.1 03/02/2013 Libro   DEWEY     Libro   Claustro Claustro 4to piso 28/02/2010 Donación 26000.00